000 00753cab a2200217 4500
001 X77337
008 090401t1997 xxu||||| |||| 00| 0 eng d
035 _a(Sirsi) u77337
041 _aeng
245 _aR v Kensington and Chelsea RBC ex parte Lawrie Plantation Services
260 _c1997
350 _a0
490 _aNew Property Cases
_v1997 NPC 30
520 _aQBD 28 February 1997. Judicial review. Application to quash breach of condition notices. Occupation provided for a consideration. NB NO PHOTOCOPYING ALLOWED.
650 _aBREACHES OF CONDITION
650 _aJUDICIAL REVIEW
650 _aPLANNING CONDITIONS
690 _aENVIRONMENTAL AND LAND CONSULTANCY-PLANNING AND DEVELOPMENT
942 _n0
948 _c24/03/1997
999 _c48623
_d48623